Responses for Show #6371 - Monday, May 7, 2012

2012 Teen Tournament semifinal game 1.
From DAR Constitution Hall in Washington, D.C.

Contestants

[<< previous game]

Eliza Scruton, a junior from Louisville, Kentucky

Ben Greenho, a junior from Plano, Texas

Catherine Briley, a senior from Grand Prairie, Louisiana

[next game >>]

Jeopardy! Round responses

THEY NAMED A SCHOOL FOR ME
BOOKS
THEME PARK FUN
ECONOMICALLY SPEAKING
BAD KISSERS
"HOLD" EVERYTHING
    $200 11
Amelia Earhart

Catherine
    $200 1
A Christmas Carol

Catherine
    $200 21
Snoopy

Catherine
    $200 29
a freeze

Ben
    $200 4
Angelina Jolie

Eliza
    $200 16
to behold

Catherine
    $400 12
Admiral Farragut

Triple Stumper
    $400 2
The Book Thief

Catherine
    $400 22
Alice in Wonderland

Catherine
    $400 30
Consumer Price Index

Triple Stumper
    $400 5
Orlando Bloom

Eliza
    $400 17
household

Catherine
    $600 13
William & Mary

Eliza
    $600 3
Scout

Eliza
    $600 23
(Catherine: What is Dollyland?)

Dollywood

CatherineEliza
    $600 28
quote

Triple Stumper
    $600 6
Gwyneth Paltrow

Catherine
    $600 18
a holdover

Triple Stumper
    $800 14
(Eliza: Who is Marshall?)

John Jay

CatherineEliza
    $1,200 7
The Invisible Man

Catherine
    $800 24
Santa Claus

Catherine
    $800 26
a nestegg

Eliza
    $800 9
How I Met Your Mother

Ben
    $800 19
threshold

Eliza
    $1000 15
Williams

Eliza
    $1000 8
The Giver

Ben
    $1000 25
Cedar Point

Eliza
    $1000 27
an oligopoly

Catherine
    $1000 10
Tom Cruise

Catherine
    $1000 20
a stronghold

Ben

Scores at the first commercial break (after clue 13):

Catherine Ben Eliza
$3,600 $1,800 $1,800

Scores at the end of the Jeopardy! Round:

Catherine Ben Eliza
$6,800 $3,000 $5,200

Double Jeopardy! Round responses

THEATER
B.C.-ING YOU
POP CULTURE
MEDICAL CONDITIONS
THE WESTERN HEMISPHERE
"V"OCABULARY
    $400 1
Les Misérables

Ben
    $400 6
Cleopatra

Ben
    $400 13
Oreos

Eliza
    $400 26
Pasteur

Catherine
    $400 21
the Gulf of Mexico

Catherine
    $400 8
valedictorian

Ben
    $800 2
Awakening

Ben
    $800 7
the pentathlon

Catherine
    $800 14
(Catherine: What is Big Time Rush?)

One Direction

CatherineBen
    $800 27
hemophilia

Ben
    $800 22
the West Indies

Catherine
    $800 9
verify

Catherine
    $1200 3
Stomp

Ben
    $1200 18
Stonehenge

Ben
    $1200 15
Ugg

Catherine
    $1200 28
gluten

Catherine
    $1200 23
(Eliza: What is St. John's?)
(Ben: What is Prince Edward Island?)
[ERRATUM: The song goes "From Bonavista to [*]"; there is no line in the song that goes "From [*]".]

Vancouver Island

BenEliza
Triple Stumper
    $1200 10
vast

Catherine
    $1600 4
The Glass Menagerie

Ben
    $1600 19
Socrates

Ben
    $1600 16
Mirror Mirror

Catherine
    $1600 29
dialysis

Ben
    $1600 24
Colombia & Venezuela

Ben
    $1600 11
verbatim

Catherine
    $1,000 5
Phantom of the Opera

Ben
    $2,400 20
Spartacus

Ben
    $2000 17
Powerball

Catherine
    $2000 30
meningitis

Eliza
    $2000 25
Minnesota

Triple Stumper
    $2000 12
a van Dyck

Triple Stumper

Scores at the end of the Double Jeopardy! Round:

Catherine Ben Eliza
$18,000 $17,600 $6,400

[wagering suggestions for these scores]

Final Jeopardy! Round responses

ON THE PERIODIC TABLE
ElizaWhat is Neon?
$6,400
BenWhat is Neon?
$7,600
CatherineWhat is neon?
$17,601
neon

Final scores:

Catherine Ben Eliza
$35,601 $25,200 $12,800
Finalist 2nd place: $10,000 3rd place: $10,000

Game dynamics:

Coryat scores:

Catherine Ben Eliza
$17,600 $18,200 $6,400
24 R
(including 1 DD),
2 W
18 R
(including 2 DDs),
1 W
11 R,
2 W

Combined Coryat: $42,200

[game clues] [game scores] [suggest correction]

Game tape date: 2012-04-20
The J! Archive is created by fans, for fans. Scraping, republication, monetization, and malicious use prohibited; this site may use cookies and collect identifying information. See terms. The Jeopardy! game show and all elements thereof, including but not limited to copyright and trademark thereto, are the property of Jeopardy Productions, Inc. and are protected under law. This website is not affiliated with, sponsored by, or operated by Jeopardy Productions, Inc. Join the discussion at JBoard.tv.